[Event "Donskoj"]
[Site "Donskoj"]
[Date "2001.??.??"]
[Round "2"]
[White "Maly, Alexey"]
[Black "Kuzuev, Danil"]
[Result "1/2-1/2"]
[WhiteElo "2366"]
[BlackElo "2341"]
[PlyCount "73"]
[EventDate "2001.??.??"]
[EventType "tourn"]
[EventRounds "11"]
[EventCountry "RUS"]
[EventCategory "4"]
[SourceTitle "EXT 2002"]
[Source "ChessBase"]
[SourceDate "2001.11.25"]
[SourceVersion "1"]
[SourceVersionDate "2001.11.25"]
[SourceQuality "1"]

1. Nf3 Nf6 2. d4 e6 3. g3 b6 4. Bg2 Bb7 5. c4 Be7 6. 0-0 0-0 7. Nc3 Ne4 8. Bd2 f5 9. d5 Bf6 10. Rc1 c5 11. Be1 Na6 12. a3 Nc7 13. dxe6 dxe6 14. Qb3 Qe7 15. Nxe4 Bxe4 16. Bc3 e5 17. Ne1 Bxg2 18. Nxg2 Rad8 19. Qc2 e4 20. f3 Bxc3 21. Qxc3 Rd6 22. Rcd1 Rfd8 23. Ne3 Rxd1 24. Rxd1 Rxd1+ 25. Nxd1 exf3 26. exf3 Qe2 27. Nf2 Ne6 28. Qd3 Qe1+ 29. Qf1 Qd2 30. Qd3 Nd4 31. b4 Qxd3 32. Nxd3 cxb4 33. axb4 Nxf3+ 34. Kg2 Nd4 35. Kf2 a5 36. c5 axb4 37. cxb6 1/2-1/2

[Event "RUS-ch sf"]
[Site "Orsk"]
[Date "2000.??.??"]
[Round "10"]
[White "Konnov, Oleg"]
[Black "Kuzuev, Danil"]
[Result "1-0"]
[WhiteElo "2340"]
[BlackElo "2365"]
[PlyCount "65"]
[EventDate "2000.??.??"]
[EventType "swiss"]
[EventRounds "11"]
[EventCountry "RUS"]
[SourceTitle "EXT 2001"]
[Source "ChessBase"]
[SourceDate "2000.11.22"]
[SourceVersion "1"]
[SourceVersionDate "2000.11.22"]
[SourceQuality "1"]

1. d4 Nf6 2. c4 e6 3. Nc3 Bb4 4. Qc2 0-0 5. a3 Bxc3+ 6. Qxc3 Ne4 7. Qc2 f5 8. Nh3 d6 9. f3 Nf6 10. e3 e5 11. dxe5 dxe5 12. Nf2 Nc6 13. b4 Be6 14. b5 Ne7 15. Bb2 Ng6 16. a4 Nd7 17. g3 f4 18. exf4 exf4 19. 0-0-0 fxg3 20. hxg3 Rxf3 21. Ne4 Qe7 22. Bg2 Rf7 23. Qc3 Bf5 24. Ba3 Qd8 25. Rd2 Bxe4 26. Bxe4 Qf6 27. Qxf6 Nxf6 28. Bxb7 Rb8 29. Bg2 Ne5 30. Rh4 Neg4 31. Bc5 Re8 32. Rh1 Ne3 33. Bc6 1-0

[Event "RUS-ch sf"]
[Site "Orsk"]
[Date "2000.??.??"]
[Round "8"]
[White "Monakhov, Yuri"]
[Black "Kuzuev, Danil"]
[Result "1-0"]
[WhiteElo "2185"]
[BlackElo "2365"]
[PlyCount "129"]
[EventDate "2000.??.??"]
[EventType "swiss"]
[EventRounds "11"]
[EventCountry "RUS"]
[SourceTitle "EXT 2001"]
[Source "ChessBase"]
[SourceDate "2000.11.22"]
[SourceVersion "1"]
[SourceVersionDate "2000.11.22"]
[SourceQuality "1"]

1. d4 Nf6 2. Nf3 e6 3. c4 b6 4. g3 Bb7 5. Bg2 Be7 6. 0-0 0-0 7. Nc3 Ne4 8. Bd2 d6 9. d5 Nxd2 10. Qxd2 e5 11. e4 Bc8 12. Ne1 f5 13. exf5 Bxf5 14. Nd3 Nd7 15. b4 Bg5 16. Qe2 Qe8 17. Ne4 Qg6 18. h4 Bh6 19. h5 Qf7 20. g4 Bxe4 21. Bxe4 a5 22. a3 Qe8 23. f3 Qd8 24. Bf5 Rxf5 25. gxf5 Qg5+ 26. Qg2 Qxf5 27. Nf2 Qxh5 28. Ng4 Bf4 29. c5 Qf7 30. cxd6 cxd6 31. Qc2 h5 32. Nf2 Nf6 33. Rad1 Be3 34. Kh1 Bd4 35. Ne4 Rf8 36. Ng5 Qxd5 37. Qg6 Re8 38. Rc1 Qb7 39. Rc2 Be3 40. Ne4 Re6 41. Re1 Bh6 42. Rg1 Kf8 43. Qf5 Ke7 44. Ng5 Bxg5 45. Rxg5 Ne8 46. Rcg2 g6 47. Rxg6 Rxg6 48. Rxg6 Qd5 49. Qxh5 axb4 50. axb4 Kd7 51. Qf5+ Kc6 52. Rg2 Nc7 53. Qc8 Qd1+ 54. Kh2 Qc1 55. Qf5 Qh6+ 56. Kg3 Qg7+ 57. Kf2 Qh6 58. Qe4+ Kb5 59. Rg4 Qe6 60. Qd3+ Kc6 61. Qc2+ Kb7 62. Rg7 Qc8 63. b5 Qd8 64. Qc6+ Kc8 65. Qxb6 1-0

[Event "RUS-ch sf"]
[Site "Orsk"]
[Date "2000.??.??"]
[Round "6"]
[White "Silivanov, Sergej"]
[Black "Kuzuev, Danil"]
[Result "1-0"]
[WhiteElo "2267"]
[BlackElo "2365"]
[PlyCount "119"]
[EventDate "2000.??.??"]
[EventType "swiss"]
[EventRounds "11"]
[EventCountry "RUS"]
[SourceTitle "EXT 2001"]
[Source "ChessBase"]
[SourceDate "2000.11.22"]
[SourceVersion "1"]
[SourceVersionDate "2000.11.22"]
[SourceQuality "1"]

1. e4 c6 2. d4 d5 3. exd5 cxd5 4. c4 Nf6 5. Nc3 e6 6. Nf3 Bb4 7. Bd3 dxc4 8. Bxc4 0-0 9. 0-0 b6 10. Ne5 Bb7 11. Bg5 Nbd7 12. Qe2 Bxc3 13. bxc3 Qc7 14. Nxd7 Nxd7 15. Rac1 Rac8 16. Bd3 Qc6 17. Qg4 f5 18. Qh3 h6 19. Bf4 Rf6 20. c4 Nf8 21. d5 exd5 22. Be5 Rf7 23. Rfe1 Qd7 24. Rcd1 Re8 25. cxd5 Qxd5 26. Bf1 Qxa2 27. Qg3 Kh7 28. Rd6 Re6 29. Ra1 Qc2 30. Bd3 Qc8 31. Bxf5+ Kg8 32. Qg4 Rxd6 33. Bxc8 Rg6 34. Qh3 Bxg2 35. Qxg2 Rxg2+ 36. Kxg2 Kh7 37. Ba6 Nd7 38. Bd3+ g6 39. Bc4 Nxe5 40. Bxf7 Nxf7 41. Rxa7 Kg7 42. Rb7 Kf6 43. Rxb6+ Kf5 44. Kg3 Ne5 45. h4 h5 46. Rb5 Kf6 47. Kf4 Nd3+ 48. Ke3 Ne5 49. Ke4 Ng4 50. Rb6+ Kg7 51. f3 Nh6 52. Ke5 Nf5 53. Rb4 Kh6 54. Kf6 Nd6 55. Rb8 Kh7 56. Rd8 Nf5 57. Kg5 Kg7 58. Rd5 Ne7 59. Rd7 Kf7 60. Rxe7+ 1-0